LEADER 01197nam 2200397 450 001 9910136590603321 010 $a1-119-24822-1 010 $a1-119-24821-3 035 $a(CKB)3710000000907917 035 $a(MiAaPQ)EBC4718320 035 $a(CaSebORM)9781119248200 035 $a(EXLCZ)993710000000907917 100 $a20161026h20172017 uy 0 101 0 $aeng 135 $aurcnu|||||||| 181 $2rdacontent 182 $2rdamedia 183 $2rdacarrier 200 10$aJ.K. Lasser's your income tax 2017 /$fprepared by the J.K. Lasser Institute 210 1$aHoboken, New Jersey :$cWiley,$d2017. 210 4$dİ2017 215 $a1 online resource (851 pages) $cillustrations, tables 300 $aIncludes index. 311 $a1-119-24820-5 606 $aIncome tax$xLaw and legislation$zUnited States$vPopular works 606 $aTax planning$zUnited States$vPopular works 615 0$aIncome tax$xLaw and legislation 615 0$aTax planning 676 $a343.73052 801 0$bMiAaPQ 801 1$bMiAaPQ 801 2$bMiAaPQ 906 $aBOOK 912 $a9910136590603321 996 $aJ.K. Lasser's your income tax 2017$93359601 997 $aUNINA LEADER 03592nam 22007333u 450 001 9910830301603321 005 20230120051930.0 010 $a1-282-11605-3 010 $a9786612116056 010 $a1-4443-0616-2 010 $a1-4443-0617-0 035 $a(CKB)1000000000719856 035 $a(EBL)428172 035 $a(OCoLC)651657413 035 $a(SSID)ssj0000356446 035 $a(PQKBManifestationID)11269732 035 $a(PQKBTitleCode)TC0000356446 035 $a(PQKBWorkID)10349435 035 $a(PQKB)10474298 035 $a(MiAaPQ)EBC428172 035 $a(MiAaPQ)EBC7076101 035 $a(PPN)191058742 035 $a(EXLCZ)991000000000719856 100 $a20131014d2009|||| u|| | 101 0 $aeng 135 $aur|n|---||||| 181 $ctxt 182 $cc 183 $acr 200 10$aAIDS, Sex, and Culture$b[electronic resource] $eGlobal Politics and Survival in Southern Africa 210 $aHoboken $cWiley$d2009 215 $a1 online resource (301 p.) 300 $aDescription based upon print version of record. 311 $a1-4051-5586-8 327 $aContents; List of Figures; Preface - Southern Africa: A Personal Geography, History, and Politics; Acknowledgments; Introduction: Global, Inequality, Women, and HIV/AIDS; 1: The Culture of Science and the Feminization of HIV/AIDS; 2: Imperial Moralities and Grassroots Realities; 3: The Transition to a New South Africa: Hope, Science, and Democracy; 4: Of Nevirapine and African Potatoes: Shifts in Public Discourse; 5: The Difference in Pain: Infected and Affected; 6: Contested Sexualities; 7: Public Spaces of Women's Autonomy: Health Activism; 8: "Where Are Our Condoms?" - Namibia 327 $a9: Ju/'hoansi Women in the Age of HIV: An Exceptional Case10: Changing Times, Changing Strategies: Women Leaders Among the Ju; 11: "The Power of Practical Thinking" - The Role of Organic Intellectuals; 12: Conclusions: Neoliberalism, Gender, and Resistance; Notes; Bibliography; Index 330 $aAIDS, Sex, and Culture is a revealing examination of the impact the AIDS epidemic in Africa has had on women, based on the author's own extensive ethnographic research.based on the author's own story growing up in South Africa looks at the impact of social conservatism in the US on AIDS prevention programs discussion of the experiences of women in areas ranging from Durban in KwaZulu Natal to rural settlements in Namibia and Botswana includes a chapter written by Sibongile Mkhize at the University of KwaZulu Natal who tells the story of her own fa 606 $aAIDS (Disease)$xSocial aspects$zAfrica, Southern 606 $aAcquired Immunodeficiency Syndrome$xprevention & control 606 $aWomen's Health 606 $aPreventive Health Services 606 $aGender Identify 606 $aSocioeconomic Factors 606 $aSexual Behavior 607 $aAfrica South of the Sahara 615 0$aAIDS (Disease)$xSocial aspects 615 12$aAcquired Immunodeficiency Syndrome$xprevention & control. 615 22$aWomen's Health. 615 22$aPreventive Health Services. 615 22$aGender Identify. 615 22$aSocioeconomic Factors. 615 22$aSexual Behavior. 676 $a326.196979200820968 676 $a362.196/979200968 676 $a362.196979200820968 676 $a362.196979200968 700 $aSusser$b Ida$01676243 801 0$bAU-PeEL 801 1$bAU-PeEL 801 2$bAU-PeEL 906 $aBOOK 912 $a9910830301603321 996 $aAIDS, Sex, and Culture$94074562 997 $aUNINA